| 000 | 01296cam a2200385 i 4500 | ||
|---|---|---|---|
| 999 |
_c200444125 _d62337 |
||
| 001 | 200444125 | ||
| 003 | TR-AnTOB | ||
| 005 | 20211007093043.0 | ||
| 007 | ta | ||
| 008 | 170121s2020 tu a b 001 0 tur d | ||
| 010 | _a2016360406 | ||
| 020 | _a9786056966262 | ||
| 035 | _a(OCoLC)ocn952183686 | ||
| 040 |
_aIXA _beng _cIXA _erda _dOCLCO _dOCLCF _dOCLCO _dPUL _dOCLCO _dDLC _dTR-AnTOB |
||
| 041 | 0 | _atur | |
| 042 |
_alccopycat _alcode |
||
| 043 | _aa-tu--- | ||
| 050 | 0 | 0 |
_aHD9710.T92 _bA85 2020 |
| 090 |
_aHD9710.T92 _bA85 2020 |
||
| 100 | 1 |
_aÂşık, Süleyman, _d1986- _eauthor _9133053 |
|
| 245 | 1 | 0 |
_aİlk kez yayınlanan arşiv belgeleriyle bir devrin hikayesi: _bdevrim arabaları / _cSüleyman Âşık. |
| 246 | 3 | 0 | _aDevrim arabaları |
| 250 | _a2. baskı Aralık 2020 | ||
| 264 | 1 |
_aAnkara : _bKopernik, _c2020. |
|
| 300 |
_a261 pages : _billustrations ; _c21 cm |
||
| 336 |
_atext _btxt _2rdacontent |
||
| 337 |
_aunmediated _bn _2rdamedia |
||
| 338 |
_avolume _bnc _2rdacarrier |
||
| 490 | 0 |
_aKopernik Kitap ; _a124 _vİnceleme Araştırma : _v32 |
|
| 504 | _aIncludes bibliographical references and index. | ||
| 650 | 7 |
_aOtomobil endüstrisi ve ticareti _zTürkiye _2etuturkob _989889 |
|
| 650 | 7 |
_aOtomobiller _2etuturkob _97887 |
|
| 942 |
_2lcc _cBK |
||